| 000 | 00586nam a2200229Ia 4500 | ||
|---|---|---|---|
| 003 | OSt | ||
| 005 | 20220924152418.0 | ||
| 006 | a|||||r|||| 00| 0 | ||
| 007 | ta | ||
| 008 | 220923b |||||||| |||| 00| 0 mar d | ||
| 024 | _a342420 | ||
| 037 | _cTextual | ||
| 040 |
_aARTS _cARTS _bmar |
||
| 041 |
_2mar _amar |
||
| 082 | _aQ22:4173x1,1, 155F8 | ||
| 100 |
_aParakh Au. _9226617 |
||
| 245 | 0 | _aShri Vishnushsranamarth manjri | |
| 260 | _c1928 | ||
| 650 | _aRELIGION | ||
| 942 |
_hQ22:4173x1,1, 155F8 _cTEXL _2CC |
||
| 999 |
_c469755 _d469755 |
||